<?xml version="1.0" encoding="UTF-8"?>
<record
    xmlns:xsi="http://www.w3.org/2001/XMLSchema-instance"
    xsi:schemaLocation="http://www.loc.gov/MARC21/slim http://www.loc.gov/standards/marcxml/schema/MARC21slim.xsd"
    xmlns="http://www.loc.gov/MARC21/slim">

  <leader>00834nam a22001577a 4500</leader>
  <controlfield tag="003">OSt</controlfield>
  <controlfield tag="005">20161104114316.0</controlfield>
  <controlfield tag="008">161104b        xxu||||| |||| 00| 0 eng d</controlfield>
  <datafield tag="040" ind1=" " ind2=" ">
    <subfield code="c">RUA</subfield>
  </datafield>
  <datafield tag="082" ind1=" " ind2=" ">
    <subfield code="a">AGR ENG 2015 B520 Or.1</subfield>
  </datafield>
  <datafield tag="100" ind1=" " ind2=" ">
    <subfield code="9">11158</subfield>
    <subfield code="a">ENG SEAKHENG; &#x17A2;&#x17C1;&#x1784; &#x179F;&#x17C0;&#x1780;&#x17A0;&#x17C1;&#x1784;</subfield>
  </datafield>
  <datafield tag="245" ind1=" " ind2=" ">
    <subfield code="a">Study on economy analysis of farmer who apply pesticides on brassicaceae crop in saang and kien svay district, kandal province; &#x1780;&#x17B6;&#x179A;&#x179F;&#x17B7;&#x1780;&#x17D2;&#x179F;&#x17B6;&#x179F;&#x17C1;&#x178A;&#x17D2;&#x178B;&#x1780;&#x17B7;&#x1785;&#x17D2;&#x1785;&#x1780;&#x179F;&#x17B7;&#x1780;&#x179A;&#x178A;&#x17C2;&#x179B;&#x1794;&#x17D2;&#x179A;&#x17BE;&#x1794;&#x17D2;&#x179A;&#x17B6;&#x179F;&#x17CB;&#x1790;&#x17D2;&#x1793;&#x17B6;&#x17C6;&#x1796;&#x17BB;&#x179B;&#x1780;&#x179F;&#x17B7;&#x1780;&#x1798;&#x17D2;&#x1798;&#x179B;&#x17BE;&#x178A;&#x17C6;&#x178E;&#x17B6;&#x17C6;&#x1794;&#x1793;&#x17D2;&#x179B;&#x17C2;&#x1793;&#x17C5;&#x179F;&#x17D2;&#x179A;&#x17BB;&#x1780;&#x179F;&#x17D2;&#x17A2;&#x17B6;&#x1784; &#x1793;&#x17B7;&#x1784;&#x179F;&#x17D2;&#x179A;&#x17BB;&#x1780;&#x1780;&#x17C0;&#x1793;&#x179F;&#x17D2;&#x179C;&#x17B6;&#x1799; &#x1781;&#x17C1;&#x178F;&#x17D2;&#x178F;&#x1780;&#x178E;&#x17D2;&#x178A;&#x17B6;&#x179B;</subfield>
  </datafield>
  <datafield tag="260" ind1=" " ind2=" ">
    <subfield code="a">Phnom Penh</subfield>
    <subfield code="b">ENG</subfield>
    <subfield code="c">2015</subfield>
  </datafield>
  <datafield tag="300" ind1=" " ind2=" ">
    <subfield code="a">xi;52p.</subfield>
    <subfield code="b">ill.</subfield>
    <subfield code="c">29cm.</subfield>
  </datafield>
  <datafield tag="942" ind1=" " ind2=" ">
    <subfield code="2">ddc</subfield>
    <subfield code="c">AGR</subfield>
  </datafield>
  <datafield tag="999" ind1=" " ind2=" ">
    <subfield code="c">10730</subfield>
    <subfield code="d">10730</subfield>
  </datafield>
  <datafield tag="952" ind1=" " ind2=" ">
    <subfield code="0">0</subfield>
    <subfield code="1">0</subfield>
    <subfield code="2">ddc</subfield>
    <subfield code="4">0</subfield>
    <subfield code="6">AGR_ENG_2015_000000000000000_B520_OR_1</subfield>
    <subfield code="7">0</subfield>
    <subfield code="9">55910</subfield>
    <subfield code="a">LBB</subfield>
    <subfield code="b">LBB</subfield>
    <subfield code="c">B520</subfield>
    <subfield code="d">2016-11-04</subfield>
    <subfield code="l">2</subfield>
    <subfield code="o">AGR ENG 2015 B520 Or.1</subfield>
    <subfield code="p">A01612</subfield>
    <subfield code="r">2024-01-05</subfield>
    <subfield code="s">2024-01-03</subfield>
    <subfield code="w">2016-11-04</subfield>
    <subfield code="y">AGR</subfield>
  </datafield>
  <datafield tag="952" ind1=" " ind2=" ">
    <subfield code="0">0</subfield>
    <subfield code="1">0</subfield>
    <subfield code="2">ddc</subfield>
    <subfield code="4">0</subfield>
    <subfield code="6">AGR_ENG_2015_000000000000000_B520_OR_2</subfield>
    <subfield code="7">0</subfield>
    <subfield code="9">55911</subfield>
    <subfield code="a">LBB</subfield>
    <subfield code="b">LBB</subfield>
    <subfield code="c">B520</subfield>
    <subfield code="d">2016-11-04</subfield>
    <subfield code="o">AGR ENG 2015 B520 Or.2</subfield>
    <subfield code="p">A00405</subfield>
    <subfield code="r">2016-11-04</subfield>
    <subfield code="w">2016-11-04</subfield>
    <subfield code="y">AGR</subfield>
  </datafield>
  <datafield tag="952" ind1=" " ind2=" ">
    <subfield code="0">0</subfield>
    <subfield code="1">0</subfield>
    <subfield code="2">ddc</subfield>
    <subfield code="4">0</subfield>
    <subfield code="6">AGR_ENG_2015_000000000000000_B520_OR_3</subfield>
    <subfield code="7">0</subfield>
    <subfield code="9">55912</subfield>
    <subfield code="a">LBB</subfield>
    <subfield code="b">LBB</subfield>
    <subfield code="c">B520</subfield>
    <subfield code="d">2016-11-04</subfield>
    <subfield code="o">AGR ENG 2015 B520 Or.3</subfield>
    <subfield code="p">A00416</subfield>
    <subfield code="r">2016-11-04</subfield>
    <subfield code="w">2016-11-04</subfield>
    <subfield code="y">AGR</subfield>
  </datafield>
  <datafield tag="952" ind1=" " ind2=" ">
    <subfield code="0">0</subfield>
    <subfield code="1">0</subfield>
    <subfield code="2">ddc</subfield>
    <subfield code="4">0</subfield>
    <subfield code="6">AGR_ENG_2015_000000000000000_B520_OR_4</subfield>
    <subfield code="7">0</subfield>
    <subfield code="9">55913</subfield>
    <subfield code="a">LBB</subfield>
    <subfield code="b">LBB</subfield>
    <subfield code="c">B520</subfield>
    <subfield code="d">2016-11-04</subfield>
    <subfield code="l">2</subfield>
    <subfield code="o">AGR ENG 2015 B520 Or.4</subfield>
    <subfield code="p">A01854</subfield>
    <subfield code="r">2019-11-19</subfield>
    <subfield code="s">2019-10-19</subfield>
    <subfield code="w">2016-11-04</subfield>
    <subfield code="y">AGR</subfield>
  </datafield>
  <datafield tag="952" ind1=" " ind2=" ">
    <subfield code="0">0</subfield>
    <subfield code="1">0</subfield>
    <subfield code="2">ddc</subfield>
    <subfield code="4">0</subfield>
    <subfield code="6">AGR_ENG_2015_000000000000000_B520_OR_5</subfield>
    <subfield code="7">0</subfield>
    <subfield code="9">55914</subfield>
    <subfield code="a">LBB</subfield>
    <subfield code="b">LBB</subfield>
    <subfield code="c">B520</subfield>
    <subfield code="d">2016-11-04</subfield>
    <subfield code="o">AGR ENG 2015 B520 Or.5</subfield>
    <subfield code="p">A00546</subfield>
    <subfield code="r">2016-11-04</subfield>
    <subfield code="w">2016-11-04</subfield>
    <subfield code="y">AGR</subfield>
  </datafield>
  <datafield tag="952" ind1=" " ind2=" ">
    <subfield code="0">0</subfield>
    <subfield code="1">0</subfield>
    <subfield code="2">ddc</subfield>
    <subfield code="4">0</subfield>
    <subfield code="6">AGR_ENG_2015_000000000000000_B520_OR_6</subfield>
    <subfield code="7">0</subfield>
    <subfield code="9">55915</subfield>
    <subfield code="a">LBB</subfield>
    <subfield code="b">LBB</subfield>
    <subfield code="c">B520</subfield>
    <subfield code="d">2016-11-04</subfield>
    <subfield code="o">AGR ENG 2015 B520 Or.6</subfield>
    <subfield code="p">A02426</subfield>
    <subfield code="r">2016-11-04</subfield>
    <subfield code="w">2016-11-04</subfield>
    <subfield code="y">AGR</subfield>
  </datafield>
  <datafield tag="952" ind1=" " ind2=" ">
    <subfield code="0">0</subfield>
    <subfield code="1">0</subfield>
    <subfield code="2">ddc</subfield>
    <subfield code="4">0</subfield>
    <subfield code="6">AGR_ENG_2015_000000000000000_B520_OR_7</subfield>
    <subfield code="7">0</subfield>
    <subfield code="9">55916</subfield>
    <subfield code="a">LBB</subfield>
    <subfield code="b">LBB</subfield>
    <subfield code="c">B520</subfield>
    <subfield code="d">2016-11-04</subfield>
    <subfield code="l">3</subfield>
    <subfield code="m">1</subfield>
    <subfield code="o">AGR ENG 2015 B520 Or.7</subfield>
    <subfield code="p">A02116</subfield>
    <subfield code="r">2019-11-25</subfield>
    <subfield code="s">2019-09-03</subfield>
    <subfield code="w">2016-11-04</subfield>
    <subfield code="y">AGR</subfield>
  </datafield>
  <datafield tag="952" ind1=" " ind2=" ">
    <subfield code="0">0</subfield>
    <subfield code="1">0</subfield>
    <subfield code="2">ddc</subfield>
    <subfield code="4">0</subfield>
    <subfield code="6">AGR_ENG_2015_000000000000000_B520_OR_8</subfield>
    <subfield code="7">0</subfield>
    <subfield code="9">55917</subfield>
    <subfield code="a">LBB</subfield>
    <subfield code="b">LBB</subfield>
    <subfield code="c">B520</subfield>
    <subfield code="d">2016-11-04</subfield>
    <subfield code="o">AGR ENG 2015 B520 Or.8</subfield>
    <subfield code="p">A00862</subfield>
    <subfield code="r">2016-11-04</subfield>
    <subfield code="w">2016-11-04</subfield>
    <subfield code="y">AGR</subfield>
  </datafield>
</record>
